Lil Uzi Vert Songs A-Z - Statistics

General Stats
  • This quiz has been taken 88 times
    33 since last reset
  • The average score is 16 of 25
Answer Stats
Hint Answer % Correct
# 20 Min/444+222/7AM
89%
P Paradise/Ps & Qs/Pretty Mami/POP/Prices/P2/Pluto to Mars/Patience/Paars In The Mars/PerkySex/party girl/Pull up
89%
S Safe House/Super Saiyan/Scott and Ramona/Seven Million/Sauce It Up/Skir Skirr/Strawberry Peels/Silly Watch/Secure the Bag/Suicide Doors/Spin Again/Shardai/She Stank/Space High/ Space Cadet/Sanguine Paradise/Sasuke/SideLine Watching/ shoota
89%
M Money Longer/Money Mitch/Malfunction/Myron/Moon Relate/Money Spread/Mama, I'm Sorry/Meteor Man/Mr Chow
85%
W Wassup/Werewolf/We Good/Watch This/What you saying/the waylife goes/WDYW/wokeuplikethis/wanted you/watch/wasted
81%
B Banned from TV/Belly/Ballin/Baby Are You Home/Bean/BabyPluto/Bigger Than Life/Bust Me/Black Hole/bbycakes/blood moon /bad and boujee/bbycakes
78%
D Do What I Want/Dark Queen/Diamonds All on My Wrist/DrankinN Smokin/Died and came back/Days come and go/Demon High
78%
N No Sleep Leak/Neon Guts/No Auto/Nakamura/Not An Option/NFL/New Patek
78%
H Hi Roller/How To Talk/Homecoming/Hittin My Shoulder/Heavy/holysmokes/home
74%
C Canadian Goose/Come This Way/Celebration Station/ChromeHeart Tags/Crush Em/CS/Chips and Dip/Chill Bae/Conceited/ Chanel Boy/Cigarette/Count Dem Rolls
70%
X XO Tour Llif3/x2
70%
L Loaded/Lotus/Leaders/Lo Mein/Light Year/Lyft Em Up/lookin/lovehurts
67%
T Top/Team Rocket/Two/Trap This Way/That way/that Fiya/twin trim/That's a rack
67%
E Enemies/Erase Your Social/Early 20 Rager/Endless Fashion/theend/everybody
63%
F For Real/Feelings Mutual/Futsal Shuffle 2020/Flooded the face/Fire Alarm/Flex Up/For Fun/FF/free uzi/flawless/froze
63%
R Right Now/Ronda/Rehab/Regular/Relevant/Red Moon/the rush/raf/relentless/runner
63%
A All My Chains/Aye/Amped/All Alone/all bad/all the way live
59%
O Of Course We Ghetto Flowers/Original Uzi/Of Course
59%
Y Yamborghini Dream/You Was Right/You're Lost/Yessirskiii/YouBetter Move
56%
J Just Wanna Rock/Jumpin/juggernaut
52%
U UnFazed/Urgency
52%
V Venetia
44%
I I Can Drive/I Can Show You/I'm Sorry/I Gotta/I Know/Issa Hit/I'mnot human
41%
G Grab the Wheel/Got the Guap/Goddard Song/Glock in my purse/go off/goyard bag
30%
Z Zoom
30%
No matching quizzes found
Score Distribution
Percent of People with Each Score
Percentile by Number Answered
Your Score History
You have not taken this quiz since the last reset